Human Research Management (Record no. 5170)

MARC details
000 -LEADER
fixed length control field 00329nam a2200145Ia 4500
008 - FIXED-LENGTH DATA ELEMENTS--GENERAL INFORMATION
fixed length control field 191201s2012 xx 000 0 und d
082 ## - DEWEY DECIMAL CLASSIFICATION NUMBER
Classification number 658.3
Item number JYH
100 ## - MAIN ENTRY--PERSONAL NAME
Personal name JYOTHI, P
245 #0 - TITLE STATEMENT
Title Human Research Management
250 ## - EDITION STATEMENT
Edition statement IMP 14th
260 ## - PUBLICATION, DISTRIBUTION, ETC. (IMPRINT)
Place of publication, distribution, etc N. Delhi
Name of publisher, distributor, etc Oxford
Date of publication, distribution, etc 2012
300 ## - PHYSICAL DESCRIPTION
Extent 565
650 ## - SUBJECT ADDED ENTRY--TOPICAL TERM
Topical term or geographic name as entry element MBA
942 ## - ADDED ENTRY ELEMENTS (KOHA)
Source of classification or shelving scheme Dewey Decimal Classification
Koha item type Text Books
Holdings
Withdrawn status Lost status Source of classification or shelving scheme Damaged status Not for loan Collection code Home library Current library Date acquired Source of acquisition Cost, normal purchase price Bill Number Total Checkouts Full call number Acc. no. / Barcode Date last seen Bill Date Koha item type Date last borrowed
    Dewey Decimal Classification     MBA PIET C-LIBRARY PIET C-LIBRARY 18/02/2012 IBH, New Delhi 360.00 18868   658.3 JYH 19007 04/12/2019 17/02/2012 Text Books  
    Dewey Decimal Classification     MBA PIET C-LIBRARY PIET C-LIBRARY 18/02/2012 IBH, New Delhi 360.00 18868 1 658.3 JYH 19008 11/03/2025 17/02/2012 Text Books 27/02/2025

Design & Developed by: PIET Central Library
R70 Miles Stone Pattikalyana Samalkha Panipat 132102
mail ID :- [email protected], Phone No:- 0180-2569700 Ex.216